[Event "DEM U10w 2017"]
[Site "Willingen GER"]
[Date "2017.06.08"]
[Round "8"]
[White "Peglau, Dora"]
[Black "Keymer, Cecilia"]
[Result "1-0"]
[Termination "normal"]
[Board "5"]
[WhiteElo "1159"]
[BlackElo "1311"]
[WhiteClock "00:57:02"]
[BlackClock "00:07:33"]
[PlyCount "126"]
[WhiteFideId "16220005"]
[BlackFideId "16233468"]
[EventCountry "GER"]
[EventRounds "11"]
[EventType "swiss"]
[EventDate "2017.06.03"]

1. e4 {[%clk 1:15:30]} 1... e5 {[%clk 1:15:30]} 2. Nc3 {[%clk 1:15:30]} 2...
Nf6 {[%clk 1:15:30]} 3. Bc4 {[%clk 1:15:30]} 3... Nxe4 {[%clk 1:15:22]} 4.
Bxf7+ {[%clk 1:15:46]} 4... Kxf7 {[%clk 1:15:10]} 5. Nxe4 {[%clk 1:16:06]} 5...
d6 {[%clk 1:13:12]} 6. d3 {[%clk 1:15:51]} 6... Be7 {[%clk 1:10:29]} 7. Nf3 {
[%clk 1:15:12]} 7... h6 {[%clk 1:08:08]} 8. O-O {[%clk 1:14:25]} 8... Nc6 {
[%clk 1:05:35]} 9. Re1 {[%clk 1:12:17]} 9... Bg4 {[%clk 1:01:52]} 10. Nfg5+ {
[%clk 1:10:03]} 10... hxg5 {[%clk 0:55:21]} 11. Qxg4 {[%clk 1:10:19]} 11... Kg6
{[%clk 0:49:38]} 12. Qe6+ {[%clk 1:07:49]} 12... Kh7 {[%clk 0:47:10]} 13. Re3 {
[%clk 1:07:01]} 13... g4 {[%clk 0:40:25]} 14. Qxg4 {[%clk 1:06:23]} 14... Kg8 {
[%clk 0:38:43]} 15. Qe6+ {[%clk 1:06:09]} 15... Kf8 {[%clk 0:38:08]} 16. Rf3+ {
[%clk 1:05:58]} 16... Ke8 {[%clk 0:36:28]} 17. Rf7 {[%clk 1:03:35]} 17... Nd4 {
[%clk 0:35:11]} 18. Qg6 {[%clk 1:03:20]} 18... Kd7 {[%clk 0:33:38]} 19. Bg5 {
[%clk 1:03:23]} 19... Re8 {[%clk 0:31:07]} 20. Qxg7 {[%clk 1:02:03]} 20... Ne6
{[%clk 0:28:48]} 21. Bxe7 {[%clk 1:01:35]} 21... Rxe7 {[%clk 0:27:36]} 22.
Rxe7+ {[%clk 1:01:32]} 22... Qxe7 {[%clk 0:27:46]} 23. Nf6+ {[%clk 1:01:52]}
23... Kd8 {[%clk 0:27:33]} 24. Qg8+ {[%clk 1:01:56]} 24... Nf8 {[%clk 0:27:39]}
25. Nd5 {[%clk 1:01:28]} 25... Qe8 {[%clk 0:27:35]} 26. Re1 {[%clk 1:01:38]}
26... c6 {[%clk 0:27:19]} 27. Qg5+ {[%clk 1:01:31]} 27... Kc8 {[%clk 0:26:56]}
28. Qe7 {[%clk 1:01:04]} 28... Qxe7 {[%clk 0:26:50]} 29. Nxe7+ {[%clk 1:01:23]}
29... Kd7 {[%clk 0:24:52]} 30. Nf5 {[%clk 1:01:45]} 30... Re8 {[%clk 0:25:10]}
31. h4 {[%clk 1:01:47]} 31... Nh7 {[%clk 0:24:08]} 32. g4 {[%clk 1:01:30]}
32... Rg8 {[%clk 0:24:21]} 33. f3 {[%clk 1:01:46]} 33... Ke6 {[%clk 0:24:09]}
34. c4 {[%clk 1:01:58]} 34... d5 {[%clk 0:24:07]} 35. Kg2 {[%clk 1:02:06]}
35... Nf8 {[%clk 0:22:17]} 36. h5 {[%clk 1:02:00]} 36... Nd7 {[%clk 0:20:48]}
37. h6 {[%clk 1:01:09]} 37... Rh8 {[%clk 0:20:29]} 38. Rh1 {[%clk 1:01:16]}
38... Kf6 {[%clk 0:20:34]} 39. Ne3 {[%clk 1:01:20]} 39... dxc4 {[%clk 0:19:36]}
40. Nxc4 {[%clk 1:01:09]} 40... Kg6 {[%clk 0:19:44]} 41. Nd6 {[%clk 1:01:03]}
41... Nc5 {[%clk 0:19:32]} 42. Rd1 {[%clk 0:58:27]} 42... Rxh6 {[%clk 0:18:53]}
43. d4 {[%clk 0:58:36]} 43... exd4 {[%clk 0:18:48]} 44. Rxd4 {[%clk 0:58:56]}
44... b6 {[%clk 0:17:00]} 45. Nc8 {[%clk 0:58:57]} 45... Rh7 {[%clk 0:14:41]}
46. Rd6+ {[%clk 0:59:08]} 46... Kg5 {[%clk 0:14:56]} 47. Rxc6 {[%clk 0:59:10]}
47... Kf4 {[%clk 0:15:05]} 48. Rd6 {[%clk 0:58:23]} 48... Ke3 {[%clk 0:14:50]}
49. g5 {[%clk 0:57:23]} 49... Rg7 {[%clk 0:13:34]} 50. g6 {[%clk 0:57:11]}
50... Nd3 {[%clk 0:13:37]} 51. Re6+ {[%clk 0:57:12]} 51... Kd4 {[%clk 0:13:41]}
52. Re4+ {[%clk 0:57:11]} 52... Kc5 {[%clk 0:12:55]} 53. Ne7 {[%clk 0:55:41]}
53... Nxb2 {[%clk 0:11:28]} 54. f4 {[%clk 0:55:31]} 54... Nc4 {[%clk 0:10:51]}
55. f5 {[%clk 0:55:14]} 55... Nd6 {[%clk 0:09:40]} 56. Re5+ {[%clk 0:55:08]}
56... Kd4 {[%clk 0:09:47]} 57. Rd5+ {[%clk 0:55:19]} 57... Ke4 {[%clk 0:09:44]}
58. Rxd6 {[%clk 0:55:36]} 58... Rxe7 {[%clk 0:09:51]} 59. Re6+ {[%clk 0:55:44]}
59... Kxf5 {[%clk 0:06:47]} 60. Rxe7 {[%clk 0:56:01]} 60... Kxg6 { [%clk
0:07:08]} 61. Rxa7 {[%clk 0:56:22]} 61... Kf5 {[%clk 0:07:14]} 62. Kf3 { [%clk
0:56:40]} 62... Ke5 {[%clk 0:07:33]} 63. Rb7 {[%clk 0:57:02]} 63... Kd5 1-0

[Event "DEM U10w 2017"]
[Site "Willingen GER"]
[Date "2017.06.08"]
[Round "8"]
[White "Voigt, Anastasia"]
[Black "Winkler, Sarah"]
[Result "1-0"]
[Termination "normal"]
[Board "6"]
[WhiteElo "1181"]
[BlackElo "1251"]
[WhiteClock "00:27:36"]
[BlackClock "00:36:24"]
[PlyCount "143"]
[WhiteFideId "16235223"]
[BlackFideId "16274431"]
[EventCountry "GER"]
[EventRounds "11"]
[EventType "swiss"]
[EventDate "2017.06.03"]

1. e4 {[%clk 1:15:30]} 1... e5 {[%clk 1:15:30]} 2. Nf3 {[%clk 1:15:30]} 2...
Nc6 {[%clk 1:15:30]} 3. Bc4 {[%clk 1:15:30]} 3... Nf6 {[%clk 1:15:30]} 4. d3 {
[%clk 1:15:30]} 4... Bc5 {[%clk 1:15:30]} 5. Bg5 {[%clk 1:15:30]} 5... d6 {
[%clk 1:17:34]} 6. O-O {[%clk 1:15:36]} 6... Bg4 {[%clk 1:16:32]} 7. h3 { [%clk
1:15:33]} 7... Bh5 {[%clk 1:16:43]} 8. c3 {[%clk 1:15:00]} 8... O-O { [%clk
1:16:53]} 9. Nbd2 {[%clk 1:14:45]} 9... h6 {[%clk 1:15:58]} 10. Bh4 { [%clk
1:14:42]} 10... Re8 {[%clk 1:14:54]} 11. Qc2 {[%clk 1:14:29]} 11... Na5 { [%clk
1:10:50]} 12. Bb3 {[%clk 1:12:46]} 12... Nxb3 {[%clk 1:10:49]} 13. Qxb3 { [%clk
1:11:08]} 13... Bb6 {[%clk 1:07:12]} 14. Rfe1 {[%clk 1:07:48]} 14... c6 { [%clk
1:04:15]} 15. d4 {[%clk 1:03:35]} 15... Rb8 {[%clk 0:56:18]} 16. Rac1 { [%clk
0:56:15]} 16... exd4 {[%clk 0:47:12]} 17. cxd4 {[%clk 0:56:10]} 17... g5 {[%clk
0:45:56]} 18. Bg3 {[%clk 0:51:57]} 18... Bxf3 {[%clk 0:43:05]} 19. Nxf3 {[%clk
0:52:05]} 19... Nxe4 {[%clk 0:43:00]} 20. Bh2 {[%clk 0:50:09]} 20... Qf6 {[%clk
0:36:13]} 21. Qd3 {[%clk 0:48:01]} 21... Qg6 {[%clk 0:32:20]} 22. Re3 { [%clk
0:37:26]} 22... Rbc8 {[%clk 0:31:35]} 23. Rce1 {[%clk 0:35:47]} 23... d5 {[%clk
0:30:54]} 24. Be5 {[%clk 0:31:55]} 24... Bc7 {[%clk 0:29:41]} 25. Bxc7 { [%clk
0:30:42]} 25... Rxc7 {[%clk 0:29:57]} 26. Nd2 {[%clk 0:27:40]} 26... Rce7
{[%clk 0:29:25]} 27. f3 {[%clk 0:26:56]} 27... Nxd2 {[%clk 0:29:34]} 28. Qxg6+
{[%clk 0:27:06]} 28... fxg6 {[%clk 0:29:37]} 29. Rxe7 {[%clk 0:27:34]} 29...
Rxe7 {[%clk 0:29:53]} 30. Rxe7 {[%clk 0:27:57]} 30... b6 {[%clk 0:29:34]} 31.
b3 {[%clk 0:28:03]} 31... c5 {[%clk 0:29:50]} 32. dxc5 {[%clk 0:28:07]} 32...
bxc5 {[%clk 0:30:14]} 33. Re2 {[%clk 0:28:07]} 33... Nb1 {[%clk 0:30:25]} 34.
Rc2 {[%clk 0:27:49]} 34... d4 {[%clk 0:30:42]} 35. Rxc5 {[%clk 0:28:01]} 35...
Nc3 {[%clk 0:29:48]} 36. a3 36... Ne2+ {[%clk 0:29:58]} 37. Kf1 {[%clk 0:27:30]
} 37... d3 {[%clk 0:30:20]} 38. Ke1 {[%clk 0:27:16]} 38... Nf4 {[%clk 0:30:31]}
39. Kd2 {[%clk 0:27:01]} 39... Kf7 {[%clk 0:30:42]} 40. Rc7+ {[%clk 0:27:07]}
40... Ke6 {[%clk 0:31:03]} 41. Rxa7 {[%clk 0:27:05]} 41... Nxg2 {[%clk 0:31:15]
} 42. Kxd3 {[%clk 0:27:16]} 42... Kf5 {[%clk 0:31:37]} 43. Ra4 {[%clk 0:27:01]}
43... Nf4+ {[%clk 0:31:41]} 44. Ke3 {[%clk 0:25:03]} 44... Nxh3 {[%clk 0:32:05]
} 45. b4 {[%clk 0:24:47]} 45... Nf4 {[%clk 0:32:15]} 46. b5 {[%clk 0:24:54]}
46... Nd5+ {[%clk 0:32:40]} 47. Kf2 {[%clk 0:24:11]} 47... h5 {[%clk 0:32:36]}
48. Kg3 {[%clk 0:22:36]} 48... h4+ {[%clk 0:32:43]} 49. Kf2 {[%clk 0:22:22]}
49... Ke5 {[%clk 0:30:23]} 50. Ra6 {[%clk 0:21:56]} 50... Kf5 {[%clk 0:30:28]}
51. b6 {[%clk 0:22:03]} 51... Nxb6 {[%clk 0:30:03]} 52. Rxb6 {[%clk 0:22:24]}
52... g4 {[%clk 0:29:34]} 53. fxg4+ {[%clk 0:22:31]} 53... Kxg4 {[%clk 0:30:00]
} 54. Rxg6+ {[%clk 0:22:31]} 54... Kh5 {[%clk 0:30:25]} 55. Rg2 {[%clk 0:22:45]
} 55... h3 {[%clk 0:30:42]} 56. Rh2 {[%clk 0:23:03]} 56... Kg4 {[%clk 0:31:06]}
57. a4 {[%clk 0:23:10]} 57... Kf4 {[%clk 0:31:33]} 58. Rxh3 {[%clk 0:23:30]}
58... Ke5 {[%clk 0:31:59]} 59. a5 {[%clk 0:23:22]} 59... Kd6 {[%clk 0:32:25]}
60. a6 {[%clk 0:23:45]} 60... Kc7 {[%clk 0:32:42]} 61. a7 {[%clk 0:24:03]}
61... Kb7 {[%clk 0:32:47]} 62. a8=Q+ {[%clk 0:24:17]} 62... Kxa8 { [%clk
0:33:11]} 63. Rh7 {[%clk 0:24:38]} 63... Kb8 {[%clk 0:33:17]} 64. Kf3 { [%clk
0:24:49]} 64... Kc8 {[%clk 0:33:45]} 65. Kf4 {[%clk 0:25:10]} 65... Kd8 { [%clk
0:34:10]} 66. Kf5 {[%clk 0:25:20]} 66... Ke8 {[%clk 0:34:30]} 67. Kf6 { [%clk
0:25:45]} 67... Kd8 {[%clk 0:34:46]} 68. Ke6 {[%clk 0:26:13]} 68... Kc8 { [%clk
0:35:11]} 69. Kd6 {[%clk 0:26:38]} 69... Kb8 {[%clk 0:35:36]} 70. Kc6 { [%clk
0:27:02]} 70... Ka8 {[%clk 0:35:58]} 71. Kb6 {[%clk 0:27:16]} 71... Kb8 { [%clk
0:36:24]} 72. Rh8# {[%clk 0:27:36]} 1-0

[Event "DEM U10w 2017"]
[Site "Willingen GER"]
[Date "2017.06.08"]
[Round "8"]
[White "Ulrich, Helena Irene"]
[Black "Sohr, Luna"]
[Result "1/2-1/2"]
[Termination "normal"]
[Board "7"]
[WhiteElo "1097"]
[BlackElo "1199"]
[PlyCount "42"]
[WhiteFideId "16256000"]
[BlackFideId "16251261"]
[EventCountry "GER"]
[EventRounds "11"]
[EventType "swiss"]
[EventDate "2017.06.03"]

1. e4 e5 2. Nf3 Nc6 3. Bb5 Nf6 4. d3 d6 5. c3 Be7 6. Nbd2 O-O 7. O-O Bg4 8. Re1
a6 9. Ba4 h6 10. Nf1 Nh7 11. h3 Bh5 12. Ng3 Bg6 13. Bd2 Bh4 14. Nxh4 Qxh4 15.
Bb3 Rad8 16. Qf3 Qf6 17. Re3 Qxf3 18. Rxf3 Nf6 19. Rd1 d5 20. Re3 d4 21. Ree1
Rfe8 1/2-1/2

[Event "DEM U10w 2017"]
[Site "Willingen GER"]
[Date "2017.06.08"]
[Round "8"]
[White "Bräutigam, Katerina"]
[Black "Englert, Lin"]
[Result "1/2-1/2"]
[Termination "normal"]
[Board "8"]
[WhiteElo "1064"]
[BlackElo "1165"]
[PlyCount "60"]
[WhiteFideId "16242980"]
[BlackFideId "16226410"]
[EventCountry "GER"]
[EventRounds "11"]
[EventType "swiss"]
[EventDate "2017.06.03"]

1. c4 b6 2. e3 Bb7 3. Nf3 e6 4. Be2 f5 5. d3 Nf6 6. O-O Bb4 7. a3 Be7 8. Nc3
O-O 9. b4 Qe8 10. Bb2 Qg6 11. Re1 d6 12. d4 Nbd7 13. d5 e5 14. Nd2 c6 15. Nb3
cxd5 16. Nxd5 Nxd5 17. cxd5 Rac8 18. Rc1 Nf6 19. Bf1 Nxd5 20. f3 f4 21. e4 Ne3
22. Qd2 Nxf1 23. Rxf1 Qe6 24. Na1 Rxc1 25. Rxc1 Rc8 26. Rc2 Rxc2 27. Qxc2 Qc8
28. Qb3+ Kf8 29. Nc2 Qd7 30. Ne1 Bc6 1/2-1/2

[Event "DEM U10w 2017"]
[Site "Willingen GER"]
[Date "2017.06.08"]
[Round "8"]
[White "Adelmeyer, Nelly"]
[Black "Ottlik, Marie"]
[Result "1-0"]
[Termination "normal"]
[Board "9"]
[WhiteElo "1187"]
[BlackElo "1013"]
[PlyCount "115"]
[WhiteFideId "16203577"]
[BlackFideId "16281730"]
[EventCountry "GER"]
[EventRounds "11"]
[EventType "swiss"]
[EventDate "2017.06.03"]

1. e4 d5 2. exd5 Qxd5 3. Nc3 Qd8 4. d4 Nf6 5. Nf3 c6 6. Be2 Bf5 7. O-O e6 8.
Bg5 Be7 9. Bd3 Bxd3 10. Qxd3 O-O 11. Rfe1 Nbd7 12. Rad1 a6 13. Ne5 Re8 14. Ne4
Nf8 15. Nxf6+ Bxf6 16. Bxf6 Qxf6 17. Qg3 Qf5 18. Ng4 Ng6 19. c3 Qf4 20. Qxf4
Nxf4 21. Re4 Nd5 22. Rde1 Ne7 23. c4 Rad8 24. Ne3 h6 25. f4 f5 26. Rxe6 Rxd4
27. Nxf5 Rd7 28. Nxe7+ Rdxe7 29. Rxe7 Rxe7 30. Rxe7 b6 31. Re6 b5 32. cxb5 cxb5
33. Rxa6 b4 34. a3 bxa3 35. bxa3 Kf8 36. Rb6 Ke7 37. a4 Kd7 38. Rb7+ Kc6 39.
Rxg7 Kb6 40. Rg6+ Ka5 41. Rxh6 Kxa4 42. Rh5 Kb4 43. Re5 Kc4 44. Kf2 Kd4 45. Kf3
Kd3 46. Re4 Kd2 47. Re3 Kc2 48. Ke4 Kd2 49. f5 Kc2 50. Kd4 Kd2 51. f6 Kc2 52.
Rh3 Kd2 53. Rf3 Ke2 54. f7 Kd2 55. Rf2+ Ke1 56. Ke3 Kd1 57. Ra2 Ke1 58. Ra1#
1-0

[Event "DEM U10w 2017"]
[Site "Willingen GER"]
[Date "2017.06.08"]
[Round "8"]
[White "Trunz, Michelle"]
[Black "Prinzen, Siri Marleen"]
[Result "0-1"]
[Termination "normal"]
[Board "10"]
[WhiteElo "1340"]
[BlackElo "951"]
[PlyCount "104"]
[WhiteFideId "16227980"]
[BlackFideId "16265912"]
[EventCountry "GER"]
[EventRounds "11"]
[EventType "swiss"]
[EventDate "2017.06.03"]

1. e4 e5 2. Nf3 Nc6 3. d4 exd4 4. Bc4 Bc5 5. c3 Nf6 6. e5 d5 7. Bb5 Ne4 8. cxd4
Bb6 9. Bxc6+ bxc6 10. O-O Bg4 11. Qd3 O-O 12. Nbd2 Bxf3 13. Nxf3 f6 14. Be3 c5
15. Rac1 c4 16. Qe2 c5 17. dxc5 Bxc5 18. Bxc5 Nxc5 19. e6 Re8 20. Nd4 Qd6 21.
Rc3 Nxe6 22. Nf5 Qf4 23. Rf3 Nd4 24. Qxe8+ Rxe8 25. Rxf4 Ne2+ 26. Kh1 Nxf4 27.
Ng3 h5 28. h4 Re5 29. Rb1 Ng6 30. Kh2 Nxh4 31. Kh3 Ng6 32. b3 Nf4+ 33. Kh2 Ne2
34. Nxe2 Rxe2 35. bxc4 dxc4 36. Rc1 Rxf2 37. a4 Rf4 38. Kg3 Rd4 39. Kf3 c3 40.
Rxc3 Rxa4 41. Ke3 g5 42. Kf3 Kg7 43. Re3 a5 44. Kf2 Rf4+ 45. Kg1 Kg6 46. Kh2 a4
47. Kh3 Rb4 48. Kh2 Rb3 49. Re2 a3 50. Ra2 Kf5 51. Kg1 Ke4 52. Kf2 Rb2+ 0-1

[Event "DEM U10w 2017"]
[Site "Willingen GER"]
[Date "2017.06.08"]
[Round "8"]
[White "Nguyen, Jenny Ha Linh"]
[Black "Hubert, Charlotte"]
[Result "1-0"]
[Termination "normal"]
[Board "11"]
[WhiteElo "1102"]
[BlackElo "1028"]
[PlyCount "41"]
[WhiteFideId "16209729"]
[BlackFideId "16265920"]
[EventCountry "GER"]
[EventRounds "11"]
[EventType "swiss"]
[EventDate "2017.06.03"]

1. e4 e5 2. Nf3 Nf6 3. Nxe5 d6 4. Nf3 Nxe4 5. Nc3 Nxc3 6. dxc3 Nc6 7. Be3 Be7
8. Qd2 O-O 9. O-O-O a6 10. Bd3 b5 11. h4 Na5 12. h5 Bf6 13. Bg5 Bxg5 14. Nxg5
h6 15. Nf3 c5 16. g4 Bxg4 17. Qf4 Be6 18. Kb1 d5 19. Rdg1 Qb8 20. Qxh6 Rd8 21.
Qxg7# 1-0

[Event "DEM U10w 2017"]
[Site "Willingen GER"]
[Date "2017.06.08"]
[Round "8"]
[White "Pröttel, Ela"]
[Black "Alhassan, Jodi"]
[Result "0-1"]
[Termination "normal"]
[Board "12"]
[WhiteElo "1050"]
[BlackElo "953"]
[PlyCount "66"]
[WhiteFideId "44582749"]
[BlackFideId "16250460"]
[EventCountry "GER"]
[EventRounds "11"]
[EventType "swiss"]
[EventDate "2017.06.03"]

1. e4 e5 2. Nf3 Nc6 3. Bc4 Bc5 4. b4 Bxb4 5. c3 Bd6 6. d4 Nf6 7. Bg5 O-O 8. O-O
h6 9. Bxf6 Qxf6 10. Bb5 a6 11. Ba4 b5 12. Bb3 Bb7 13. Bd5 Nd8 14. Bxb7 Nxb7 15.
Re1 Rfe8 16. Qd2 c6 17. Qd3 Bc7 18. Nbd2 d5 19. exd5 cxd5 20. Qc2 e4 21. Ne5
Bxe5 22. dxe5 Rxe5 23. Rab1 Nc5 24. Re2 Nd3 25. Nf1 Rc8 26. Rb3 d4 27. Qd2 dxc3
28. Rxc3 Rxc3 29. Qxc3 Nf4 30. Re1 Qg6 31. Ng3 Re6 32. Qc7 Nd3 33. Re3 f5 0-1

[Event "DEM U10w 2017"]
[Site "Willingen GER"]
[Date "2017.06.08"]
[Round "8"]
[White "Wilmink, Anna"]
[Black "Vianden, Ella"]
[Result "1-0"]
[Termination "normal"]
[Board "13"]
[WhiteElo "1140"]
[BlackElo "1050"]
[PlyCount "127"]
[WhiteFideId "16273680"]
[BlackFideId "16235592"]
[EventCountry "GER"]
[EventRounds "11"]
[EventType "swiss"]
[EventDate "2017.06.03"]

1. e4 e5 2. Nf3 Nc6 3. d4 exd4 4. Nxd4 Nf6 5. Nc3 Bb4 6. Nxc6 bxc6 7. Bd3 O-O
8. O-O d5 9. exd5 cxd5 10. Bg5 Qd6 11. Bxf6 Qxf6 12. Nxd5 Qd6 13. Qh5 g6 14.
Qf3 Kg7 15. Bc4 Bb7 16. a3 Bc5 17. Rad1 Rfd8 18. Nc3 Bxf3 19. Rxd6 Rxd6 20.
gxf3 Rf6 21. Bd5 Rb8 22. Ne4 Rf5 23. Bc4 Be7 24. Nd2 Rxb2 25. Bd3 Rf4 26. Nc4
Ra2 27. Re1 Bc5 28. Kg2 h5 29. Kg3 g5 30. Re5 h4+ 31. Kg2 Bd4 32. Rxg5+ Kf6 33.
Rd5 h3+ 34. Kxh3 Rxf3+ 35. Kg4 Rxf2 36. Rxd4 Ra1 37. Kg3 Rd2 38. Nxd2 Rxa3 39.
Nc4 Ra4 40. Rf4+ Ke6 41. Rf3 c5 42. Re3+ Kf6 43. Nd6 Kg7 44. Re7 a5 45. Rxf7+
Kh6 46. Rf5 Ra1 47. Rxc5 a4 48. Ra5 a3 49. Bc4 Kg6 50. Nb5 Rg1+ 51. Kf2 Rd1 52.
Rxa3 Rd2+ 53. Ke3 Rxc2 54. Bd3+ Kg5 55. Bxc2 Kf6 56. Kd4 Ke6 57. Re3+ Kf6 58.
Kd5 Kg5 59. Rf3 Kg4 60. Rf8 Kh3 61. Rg8 Kxh2 62. Ke4 Kh3 63. Kf4 Kh4 64. Rh8#
1-0

[Event "DEM U10w 2017"]
[Site "Willingen GER"]
[Date "2017.06.08"]
[Round "8"]
[White "Schupfer, Victoria"]
[Black "Khanbekyan, Nare"]
[Result "1-0"]
[Termination "normal"]
[Board "14"]
[WhiteElo "830"]
[BlackElo "952"]
[PlyCount "45"]
[BlackFideId "16270916"]
[EventCountry "GER"]
[EventRounds "11"]
[EventType "swiss"]
[EventDate "2017.06.03"]

1. e4 e5 2. Nf3 Nc6 3. Bc4 Bc5 4. d3 Nf6 5. Nc3 d6 6. h3 Be6 7. Bb3 Nd4 8. Nxd4
exd4 9. Ne2 d5 10. e5 Nd7 11. Bf4 Qe7 12. Qd2 Bb4 13. c3 dxc3 14. bxc3 Nc5 15.
cxb4 Nxb3 16. axb3 O-O-O 17. Rxa7 Kb8 18. Qa2 c6 19. O-O g5 20. Bd2 g4 21. Qa5
Kc8 22. Qb6 Bd7 23. Qxb7# 1-0

[Event "DEM U10w 2017"]
[Site "Willingen GER"]
[Date "2017.06.08"]
[Round "8"]
[White "Margaryan, Venera"]
[Black "Youness, Jolie"]
[Result "1-0"]
[Termination "normal"]
[Board "16"]
[WhiteElo "773"]
[BlackElo "768"]
[PlyCount "51"]
[WhiteFideId "16266226"]
[EventCountry "GER"]
[EventRounds "11"]
[EventType "swiss"]
[EventDate "2017.06.03"]

1. d4 d5 2. c4 e6 3. Nc3 Nf6 4. Nf3 Nc6 5. Bf4 Bd6 6. Bxd6 cxd6 7. e3 O-O 8.
Be2 dxc4 9. Bxc4 d5 10. Bb5 a6 11. Bxc6 bxc6 12. Ne5 Qc7 13. O-O c5 14. Rc1 Rb8
15. b3 Rb4 16. Ne2 c4 17. Nf4 Bb7 18. Qd2 a5 19. Qe2 Ba8 20. Ng4 Nxg4 21. Qxg4
Qb7 22. Nh5 g6 23. Nf6+ Kg7 24. Qg5 Kh8 25. Qh6 Rg8 26. Qxh7# 1-0

[Event "DEM U10w 2017"]
[Site "Willingen GER"]
[Date "2017.06.08"]
[Round "8"]
[White "Truong, Bao Ngoc"]
[Black "Hebestreit, Marie"]
[Result "1/2-1/2"]
[Termination "normal"]
[Board "17"]
[WhiteElo "749"]
[BlackElo "896"]
[PlyCount "79"]
[EventCountry "GER"]
[EventRounds "11"]
[EventType "swiss"]
[EventDate "2017.06.03"]

1. f3 e5 2. c4 Nc6 3. Nc3 Nf6 4. e4 Bc5 5. d3 d6 6. Bg5 h6 7. Bxf6 Qxf6 8. Nd5
Qg5 9. h4 Qg3+ 10. Kd2 O-O 11. Ne2 Qf2 12. Qe1 Qxe1+ 13. Kxe1 Nb4 14. Nxb4
Bxb4+ 15. Nc3 Bxc3+ 16. bxc3 Bd7 17. g4 b5 18. d4 Rab8 19. a4 a6 20. cxb5 axb5
21. axb5 Bxb5 22. Bxb5 Rxb5 23. Ke2 Re8 24. Rab1 c6 25. g5 hxg5 26. hxg5 Reb8
27. Rxb5 cxb5 28. Kd3 b4 29. cxb4 Rxb4 30. dxe5 dxe5 31. Ke3 f6 32. gxf6 Rb3+
33. Kf2 gxf6 34. Rg1+ Kf7 35. Kg3 Rb8 36. f4 Rg8+ 37. Kf2 exf4 38. Rxg8 Kxg8
39. Kf3 Kg7 40. Kxf4 1/2-1/2

[Event "DEM U10w 2017"]
[Site "Willingen GER"]
[Date "2017.06.08"]
[Round "8"]
[White "Stepanjan, Marianne"]
[Black "Claussen, Kim Sophie"]
[Result "1-0"]
[Termination "normal"]
[Board "18"]
[WhiteElo "880"]
[BlackElo "845"]
[PlyCount "31"]
[WhiteFideId "16246110"]
[EventCountry "GER"]
[EventRounds "11"]
[EventType "swiss"]
[EventDate "2017.06.03"]

1. e4 e5 2. Nf3 Nc6 3. Bb5 a6 4. Ba4 Nf6 5. Nc3 Bc5 6. O-O d6 7. d3 Bg4 8. h3
Bh5 9. Bg5 O-O 10. Nd5 Nd4 11. Nxf6+ Kh8 12. Nxh5 Nxf3+ 13. Qxf3 Qxg5 14. Qf5
Qd2 15. Qg4 Qa5 16. Qxg7# 1-0